Disziplinen mit deutschen Olympiamedaillen 2021 - Statistiken

Allgemein
  • Dieses Quiz wurde 458 mal gespielt
    446 seit der letzten Aktualisierung
  • Das Durchschnittsergebnis liegt bei 23 aus 37
Antwortstatistiken
Medaille Sportler*innen Disziplin % Korrekt
Gold Alexander Zverev Tennis
94%
Gold Malaika Mihambo Weitsprung
88%
Bronze Sarah Köhler 1500 m Freistil Schwimmen
86%
Bronze Florian Wellbrock 1500 m Freistil Schwimmen
86%
Gold Florian Wellbrock 10 km Freiwasser-Schwimmen
85%
Bronze Dimitrij Ovtcharov Tischtennis Einzel
84%
Silber D.Ovtcharov, T. Boll, P. Franziska Tischtennis Mannschaft
84%
Gold Aline Rotter-Focken Ringen Freistil bis 76 kg
78%
Bronze Frank Stäbler Ringen Griechisch-Römisch bis 67 kg
78%
Bronze Denis Kudla Ringen Griechisch-Römisch bis 87 kg
78%
Gold Jessica von Bredow-Werndl Dressurreiten Einzel
76%
Silber Isabell Werth Dressurreiten Einzel
76%
Gold J. von Bredow-Werndl, D. Schneider, I. Werth Dressurreiten Mannschaften
76%
Silber J. Rommelmann, J.Osborne Ruder Doppelzweier
75%
Silber J.Weißenfeld, L. Follert, O. Roggensack,T. Johannesen, J. Schneider, M. Jakschik, R. Schmidt, H. Ocik, M. Sauer Rudern Achter
75%
Gold Ricarda Funk Kajak-Einer Slalom
63%
Bronze Hannes Aigner Kajak-Einer Slalom
63%
Bronze Anna-Maria Wagner Judo Halbschwergewicht
61%
Silber Eduard Trippel Judo Mittelgewicht
61%
Bronze K. Menz, T. Stoll, G. Scoccimarro, M. Trajdos, J. Grabowski, A-M Wagner,S. Seidl, I Wandtke, D. Ressel, E. Trippel, J. Frey, K-R Frey Judo Mixed Team
61%
Bronze Tina Punzel, Lena Hentschel Synchronspringen 3 m
61%
Bronze Patrick Hausding, Lars Rüdiger Synchronspringen 3 m
61%
Silber Max Hoff, Jacob Schopf Kajak-2er 1000m
59%
Gold M. Rendschmidt, T. Liebscher, M. Hoff, M. Groß Kajak-Vierer 500m
59%
Gold F. Brauße, L. Klein, M. Kröger, L. Brennauer, C. Becker Bahnradfahren Mannschaftsverfolgung
54%
Silber L. Friedrich, E. Hinze,P. Grabosch Bahnradfahren Teamsprint
54%
Silber Kristin Pudenz Diskuswurf
54%
Bronze M. Kroppen, C. Schwarz, L. Unruh Bogenschießen Mannschaft
51%
Silber Lukas Dauser Barren-Turnen
45%
Silber Jonathan Hilbert 50km Gehen
39%
Bronze Andrea Herzog Canadier-Einer Slalom
36%
Bronze Sideris Tasiadis Canadier-Einer Slalom
36%
Gold Julia Krajewski Vielseitigkeitsreiten Einzel
31%
Bronze Erik Heil,Thomas Plößel Segeln 49er
28%
Silber Susann Beucke,Tina Lutz Segeln 49erFX
28%
Bronze Alica Stuhlemmer, Paul Kohlhoff Segeln Nacra 17
28%
Bronze Tim Hecker, Sebastian Brendel Canadier 2er 1000m
27%
Keine übereinstimmenden Quizze gefunden
Verteilung der Resultate
Anzahl Personen mit jedem Resultat
Perzentil nach korrekt beantworteten Fragen
Ihre Resultats-Entwicklung
Sie haben dieses Quiz seit der letzten Aktualisierung nicht gespielt